|
|
|
|
| LEADER |
00000cam a2200000 7i4500 |
| 001 |
0000008903 |
| 005 |
20130912.0 |
| 020 |
|
|
|a 9839619187
|
| 090 |
0 |
0 |
|a 297.5
|b SUL
|
| 100 |
0 |
|
|a Sulaiman Endut
|
| 245 |
1 |
0 |
|a Asas-asas Fardu Ain
|c Sulaiman Endut
|
| 250 |
|
|
|a Edisi baru beserta tambahan
|
| 260 |
|
|
|a Kuala Lumpur :
|b Pustaka Haji Abdul Majid ,
|c 1995
|
| 300 |
|
|
|a 300p. ;
|c 22cm.
|
| 650 |
0 |
0 |
|a Islam
|x Customs and practices
|
| 999 |
|
|
|a 00095666
|b BUKU
|c PINJAMAN
|e PERPUSTAKAAN KOMUNITI PETALING JAYA
|
| 999 |
|
|
|a 00095667
|b BUKU
|c PINJAMAN
|e PERPUSTAKAAN KOMUNITI PETALING JAYA
|
| 999 |
|
|
|a 00276853
|b BUKU
|c PINJAMAN
|e PERPUSTAKAAN KOMUNITI PETALING JAYA
|
| 999 |
|
|
|a 046371
|b BUKU
|c PINJAMAN
|e PERPUSTAKAAN KOMUNITI CAW KOTA DAMANSARA
|
| 999 |
|
|
|a 115648
|b BUKU
|c PINJAMAN
|e PERPUSTAKAAN KOMUNITI PETALING JAYA
|